All territories in Axis and Allies 1942 - Statistics

General Stats
  • This quiz has been taken 63 times
  • The average score is 29 of 96
Answer Stats
Power IPCs Territory % Correct
United Kingdom 8 United Kingdom
83%
Soviet Union 8 Russia
76%
Germany 6 France
71%
Germany 2 Ukraine S.S.R.
71%
Germany 2 Belorussia
68%
Germany 2 Poland
68%
Germany 10 Germany
66%
Germany 1 Finland
61%
Germany 2 Norway
61%
Germany 3 Italy
59%
Japan 8 Japan
59%
Germany 2 Bulgaria Romania
54%
United Kingdom 2 Egypt
54%
Neutral - Sweden
54%
United Kingdom 3 India
51%
Japan 2 French Indochina Thailand
49%
Germany 1 Libya
49%
United States 2 Mexico
46%
Neutral - Mongolia
46%
Neutral - Turkey
46%
United Kingdom 0 Anglo-Egyptian Sudan
44%
United States 3 Brazil
44%
Neutral - Spain Portugal
44%
Neutral - Switzerland
44%
United Kingdom 2 Union of South Africa
44%
Soviet Union 2 Kazakh S.S.R.
41%
Germany 1 Algeria
39%
Neutral - Eire
39%
Japan 3 Manchuria
39%
Germany 1 Morocco
39%
United Kingdom 1 New Zealand
39%
Neutral - Peru Argentina
39%
United States 1 Hawaiian Islands
37%
United Kingdom 0 Iceland
37%
United States 2 Alaska
34%
Neutral - Colombia Ecuador
34%
Japan 3 Philippine Islands
34%
Neutral - Saudi Arabia
34%
United Kingdom 1 Belgian Congo
32%
Japan 0 Solomon Islands
29%
United States 10 Western United States
29%
Neutral - Afghanistan
27%
Japan 4 Borneo
27%
Neutral - Chile
27%
United Kingdom 3 Eastern Canada
27%
United States 12 Eastern United States
27%
United States 0 Greenland
27%
United Kingdom 1 Persia
27%
Soviet Union 1 Soviet Far East
27%
United Kingdom 1 Western Canada
27%
Germany 2 Baltic States
24%
United Kingdom 1 Burma
24%
Soviet Union 4 Caucasus
24%
United States 0 Midway
24%
Neutral - Venezuela
24%
United Kingdom 1 Italian East Africa
22%
Soviet Union 2 Karelia S.S.R.
22%
Germany 2 Southern Europe
22%
United Kingdom 1 Western Australia
22%
United Kingdom 1 Eastern Australia
20%
United Kingdom 0 Gibraltar
20%
Japan 0 Iwo Jima
20%
Japan 1 New Guinea
20%
Neutral - Angola
17%
United States 6 Central United States
17%
Japan 4 East Indies
17%
United Kingdom 1 French Madagascar
17%
United Kingdom 1 French West Africa
17%
Japan 0 Okinawa
17%
United Kingdom 1 Rhodesia
17%
Neutral - Sahara
17%
Japan 0 Wake Island
17%
United States 1 Central America
15%
Japan 1 Malaya
15%
Neutral - Mozambique
15%
United States 1 Sinkiang
15%
United States 1 West Indies
15%
Germany 2 West Russia
15%
Japan 0 Caroline Islands
12%
United States 0 East Mexico
12%
Neutral - Himalaya
12%
Germany 2 Northwestern Europe
12%
United Kingdom 1 Trans-Jordan
12%
Japan 0 Formosa
10%
Soviet Union 1 Novosibirsk
10%
United States 1 Szechwan
10%
Soviet Union 1 Yakut S.S.R.
10%
Soviet Union 1 Archangel
7%
Soviet Union 1 Buryatia S.S.R.
7%
United States 1 Yunnan
7%
United States 1 Anhwei
5%
United Kingdom 1 French Equatorial Africa
5%
Japan 2 Kwangtung
5%
Soviet Union 1 Evenki National Okrug
2%
Japan 2 Kiangsu
0%
Soviet Union 2 Vologda
0%
No matching quizzes found
Score Distribution
Percent of People with Each Score
Percentile by Number Answered
Your Score History
You have not taken this quiz